000 00644nam a2200241Ia 4500
003 OSt
005 20220924132254.0
006 a|||||r|||| 00| 0
007 ta
008 220923b |||||||| |||| 00| 0 san d
024 _a40104
037 _cTextual
040 _aARTS
_cARTS
_bsan
041 _2san
_asan
082 _aO15,1D61,1, 152K4
100 _aMayura Bhatta
_9204074
245 0 _aSouryasataka
260 _c1964
650 _aSANSKRIT LITERATURE
700 _a Tripathi Ramakant Ed.
_9204075
942 _hO15,1D61,1, 152K4
_cTEXL
_2CC
999 _c429872
_d429872